|
|
|
|
| LEADER |
01250nam a2200289 a 4500 |
| 001 |
GR-MES15835 |
| 008 |
100927s gw b 001 0 eng d |
| 020 |
|
|
|a 354027894X
|
| 040 |
|
|
|a GrPaTEI
|b gre
|c GR-PaULI
|
| 040 |
|
|
|a GrPaTEI
|b gre
|c GR-PaULI
|
| 082 |
|
0 |
|a 006.3
|2 22
|
| 245 |
0 |
0 |
|a Advanced data mining and applications :
|b First international conference, ZDMA 2005 Wuhan, China, July 22-24, 2005 : proceedings /
|c Xue Li, Shuliang Wang, Zhao Yang (eds.).
|
| 260 |
|
|
|a Berlin :
|b Springer,
|c c2005
|
| 300 |
|
|
|a xix, 835 σ. :
|b εικ. ;
|c 24 εκ.
|
| 490 |
0 |
|
|a Lecture notes in computer science
|
| 490 |
0 |
|
|a Lectures notes in artificial intelligence. 3584
|
| 504 |
|
|
|a Περιλαμβάνει βιβλιογραφίες και ευρετήριο.
|
| 650 |
|
0 |
|a Advanced data applications
|
| 650 |
|
0 |
|a Advanced data mining
|
| 650 |
|
0 |
|a Data mining
|v Congresses
|
| 700 |
0 |
|
|a Dong,
|d Zhao Yang
|
| 700 |
1 |
|
|a Li, Xue,
|d 1963-
|
| 700 |
1 |
|
|a Wang, Shuliang,
|d 1974-
|
| 942 |
|
|
|2 ddc
|
| 952 |
|
|
|0 0
|1 0
|2 ddc
|4 0
|6 006_300000000000000_ADV
|7 0
|9 273498
|a MSLG
|b MSLG
|c BSC
|d 2021-01-17
|e 24
|f 0
|g 0.00
|l 0
|o 006.3 ADV
|p 2420000024355
|r 2021-01-17 00:00:00
|t 1
|w 2021-01-17
|y BK15
|x 20100927 0 1
|x GrPaTEI
|
| 971 |
|
|
|a .b25818843
|b 15-04-20
|c 13-09-16
|
| 999 |
|
|
|c 158419
|d 158419
|